[Event "Lady Chess"]
[Site "Koge"]
[Date "2014.10.16"]
[Round "7"]
[White "Ambartsumova, Karina"]
[Black "Guindy, Esmat"]
[Result "1-0"]
[WhiteElo "2278"]
[BlackElo "2062"]
[PlyCount "70"]
[EventDate "2014.10.11"]
[EventType "tourn"]
[EventRounds "9"]
[EventCountry "DEN"]
[Source "ChessBase"]
[SourceDate "2014.11.20"]

1. e4 e6 2. d4 d5 3. Nc3 Nf6 4. e5 Nfd7 5. Nce2 c5 6. c3 Nc6 7. Nf3 cxd4 8.
cxd4 f6 9. Nf4 Qb6 10. Nxe6 fxe5 11. dxe5 Ncxe5 12. Nfd4 a6 13. Be2 Nf6 14.
Nxf8 Rxf8 15. O-O Kf7 16. Nb3 Nc4 17. Bf3 Be6 18. Nd4 Ne5 19. Bh5+ Kg8 20. Nxe6
Qxe6 21. Be2 Ne4 22. Be3 Rf5 23. Qb3 Qf7 24. f3 Nd6 25. Rad1 Nec4 26. Bf2 Re8
27. Bd3 Rg5 28. Bb1 Re2 29. Qd3 Rxb2 30. Qxh7+ Kf8 31. Qh8+ Qg8 32. Qh4 Rxb1
33. Qxg5 Rxd1 34. Rxd1 Qe6 35. Bc5 Qe2 1-0

[Event "Lady Chess"]
[Site "Koge"]
[Date "2014.10.12"]
[Round "2"]
[White "Ambartsumova, Karina"]
[Black "Maisuradze, Nino"]
[Result "0-1"]
[WhiteElo "2278"]
[BlackElo "2349"]
[PlyCount "96"]
[EventDate "2014.10.11"]
[EventType "tourn"]
[EventRounds "9"]
[EventCountry "DEN"]
[Source "ChessBase"]
[SourceDate "2014.11.20"]

1. e4 c5 2. Nf3 a6 3. b3 d6 4. Bb2 Nf6 5. d3 Nc6 6. Nbd2 g6 7. Be2 Bg7 8. O-O
O-O 9. c4 e5 10. Ne1 Ne8 11. Nc2 Bh6 12. Ne3 Nc7 13. Nb1 Nd4 14. Nc3 Nce6 15.
Ncd5 f5 16. exf5 gxf5 17. Nc2 b6 18. Nxd4 cxd4 19. Bf3 Ra7 20. g3 Rg7 21. Bg2
f4 22. Bc1 Bg5 23. b4 Kh8 24. a4 Bb7 25. Qh5 f3 26. Bh3 Bxd5 27. cxd5 Nc7 28.
Bxg5 Rxg5 29. Qh4 Nxd5 30. Rfc1 Nc3 31. Rxc3 dxc3 32. Rc1 Rf4 33. Qh6 Rxb4 34.
Rxc3 Rb1+ 35. Bf1 Rg6 36. Qh3 Rg8 37. Qe6 Re8 38. Qg4 Rf8 39. h4 b5 40. axb5
axb5 41. d4 Qf6 42. Rc7 b4 43. h5 b3 44. Qd7 Qh6 45. dxe5 b2 46. Qb5 Rc1 47.
exd6 b1=Q 48. Qe5+ Qf6 0-1

[Event "Lady Chess"]
[Site "Koge"]
[Date "2014.10.14"]
[Round "5"]
[White "Ambartsumova, Karina"]
[Black "Ptacnikova, Lenka"]
[Result "1/2-1/2"]
[WhiteElo "2278"]
[BlackElo "2265"]
[PlyCount "115"]
[EventDate "2014.10.11"]
[EventType "tourn"]
[EventRounds "9"]
[EventCountry "DEN"]
[Source "ChessBase"]
[SourceDate "2014.11.20"]

1. e4 g6 2. d4 Bg7 3. Nc3 c6 4. Nf3 d6 5. Be3 Qb6 6. a3 Nf6 7. h3 O-O 8. Bd3
Qc7 9. a4 b6 10. O-O e5 11. dxe5 dxe5 12. Nd2 Nbd7 13. Qe2 a6 14. Rfd1 Bb7 15.
Nf1 Rfd8 16. Ng3 Bf8 17. Bc4 b5 18. Ba2 Bg7 19. Qf3 Nf8 20. Bc5 Rxd1+ 21. Rxd1
Rd8 22. Rd3 Bc8 23. Qd1 Rxd3 24. Qxd3 Ne8 25. axb5 axb5 26. Nce2 Ne6 27. Bxe6
Bxe6 28. Qa3 Qb7 29. Nc1 Nf6 30. Nd3 Nd7 31. Bd6 f6 32. Nc5 Nxc5 33. Qxc5 Kf7
34. Ne2 Bh6 35. Kh2 Bd2 36. Ng1 Ba5 37. Qe3 Qd7 38. Bc5 Bd2 39. Qa3 Bf4+ 40. g3
Bh6 41. Bd6 Bg7 42. b3 h5 43. Qc5 Kg8 44. h4 Bg4 45. c4 bxc4 46. bxc4 Qb7 47.
Kg2 Kf7 48. Qa5 Be6 49. c5 Bf8 50. Bxf8 Kxf8 51. Qd8+ Kg7 52. Nf3 Bc4 53. Nd2
Be6 54. Qd6 Bf7 55. Nf3 Bc4 56. Nd2 Bf7 57. Nf3 Bc4 58. Nd2 1/2-1/2

[Event "Lady Chess"]
[Site "Koge"]
[Date "2014.10.18"]
[Round "9"]
[White "Ambartsumova, Karina"]
[Black "Frisk, Ellinor"]
[Result "1-0"]
[WhiteElo "2278"]
[BlackElo "2311"]
[PlyCount "101"]
[EventDate "2014.10.11"]
[EventType "tourn"]
[EventRounds "9"]
[EventCountry "DEN"]
[Source "ChessBase"]
[SourceDate "2014.11.20"]

1. e4 c5 2. Nf3 g6 3. d4 cxd4 4. Qxd4 Nf6 5. Nc3 Nc6 6. Qa4 d6 7. e5 dxe5 8.
Nxe5 Qd4 9. Nxc6 Qxa4 10. Nxa4 bxc6 11. Bd2 Bg7 12. O-O-O O-O 13. Be2 Bf5 14.
f3 h5 15. Rhe1 Rfe8 16. Bc4 Nd5 17. Bg5 Bf6 18. Bxf6 Nxf6 19. Re5 Kf8 20. Rc5
Bd7 21. Nc3 e6 22. Ne4 Nxe4 23. fxe4 Ke7 24. e5 Red8 25. Be2 Be8 26. Bf3 Rxd1+
27. Kxd1 Rb8 28. Ra5 Rb7 29. b4 Kd8 30. c3 Kc7 31. a4 f6 32. exf6 Kd6 33. b5
Rc7 34. Ra6 Ke5 35. Bxc6 Bxc6 36. Rxc6 Rd7+ 37. Ke2 Kxf6 38. a5 Rd5 39. c4 Rg5
40. Kf3 Rf5+ 41. Ke3 Rg5 42. g3 h4 43. gxh4 Rh5 44. Ra6 Rxh4 45. Rxa7 Rxc4 46.
b6 Rb4 47. b7 Ke5 48. a6 Rb3+ 49. Kd2 Kd4 50. Ra8 Rb2+ 51. Kc1 1-0

[Event "Lady Chess"]
[Site "Koge"]
[Date "2014.10.18"]
[Round "9"]
[White "Baliuniene, Margarita"]
[Black "Tomnikova, Lidia"]
[Result "0-1"]
[WhiteElo "1961"]
[BlackElo "2240"]
[PlyCount "80"]
[EventDate "2014.10.11"]
[EventType "tourn"]
[EventRounds "9"]
[EventCountry "DEN"]
[Source "ChessBase"]
[SourceDate "2014.11.20"]

1. d4 Nf6 2. c4 e6 3. Nf3 b6 4. Nc3 Bb4 5. Qc2 Bb7 6. a3 Be7 7. e4 d6 8. Be2
Nbd7 9. O-O c5 10. Rd1 cxd4 11. Nxd4 a6 12. Be3 O-O 13. b4 Rc8 14. f4 Qc7 15.
Rac1 Qb8 16. Qb1 Qa8 17. Bd3 Ng4 18. Bd2 b5 19. h3 bxc4 20. hxg4 cxd3 21. Qxd3
Nf6 22. e5 dxe5 23. fxe5 Nxg4 24. Qg3 h5 25. Nce2 Bd8 26. Rxc8 Qxc8 27. Rf1 Bb6
28. Kh1 Qc4 29. Qf4 Qd5 30. Nf3 Qd3 31. Ng3 Bf2 32. Rxf2 Nxf2+ 33. Kg1 Nh3+ 34.
gxh3 Qxf3 35. Qxf3 Bxf3 36. Kf2 Bd1 37. Ke1 h4 38. Kxd1 hxg3 39. Ke2 g2 40. Kf2
Rc8 0-1

[Event "Lady Chess"]
[Site "Koge"]
[Date "2014.10.12"]
[Round "3"]
[White "Baliuniene, Margarita"]
[Black "Ambartsumova, Karina"]
[Result "0-1"]
[WhiteElo "1961"]
[BlackElo "2278"]
[PlyCount "86"]
[EventDate "2014.10.11"]
[EventType "tourn"]
[EventRounds "9"]
[EventCountry "DEN"]
[Source "ChessBase"]
[SourceDate "2014.11.20"]

1. d4 Nf6 2. c4 e6 3. Nc3 Bb4 4. Qc2 O-O 5. a3 Bxc3+ 6. Qxc3 d5 7. e3 Nbd7 8.
Nf3 c5 9. cxd5 exd5 10. dxc5 Ne4 11. Qc2 Ndxc5 12. b4 Nd7 13. Bb2 a5 14. Bd3
axb4 15. axb4 Rxa1+ 16. Bxa1 Qe7 17. Qb3 Ndf6 18. O-O Bg4 19. Rc1 Ra8 20. Nd4
Bd7 21. Bb2 Ng4 22. Bxe4 dxe4 23. h3 Nf6 24. Rc7 b6 25. Qc4 Ne8 26. Nf5 Qe6 27.
Qxe6 Bxe6 28. Ne7+ Kf8 29. Rb7 Nd6 30. Rxb6 Nc4 31. Bxg7+ Kxg7 32. Rb7 Ra6 33.
b5 Rb6 34. Rxb6 Nxb6 35. Nc6 Bc4 36. Nd4 Kf6 37. f3 Ke5 38. f4+ Kd6 39. g4 Kc5
40. g5 Bxb5 41. Nxb5 Kxb5 42. f5 Kc5 43. Kf2 Kd5 0-1

[Event "Lady Chess"]
[Site "Koge"]
[Date "2014.10.14"]
[Round "5"]
[White "Baliuniene, Margarita"]
[Black "Frey, Alisa"]
[Result "0-1"]
[WhiteElo "1961"]
[BlackElo "2098"]
[PlyCount "78"]
[EventDate "2014.10.11"]
[EventType "tourn"]
[EventRounds "9"]
[EventCountry "DEN"]
[Source "ChessBase"]
[SourceDate "2014.11.20"]

1. d4 Nf6 2. c4 g6 3. Nc3 d5 4. cxd5 Nxd5 5. e4 Nxc3 6. bxc3 Bg7 7. Bc4 c5 8.
Ne2 Nc6 9. Be3 O-O 10. O-O Bd7 11. f4 Bg4 12. e5 Qa5 13. d5 b5 14. Bd3 Rad8 15.
c4 Nb4 16. Qe1 Qa3 17. Bxc5 Qxd3 18. Bxb4 Bxe2 19. Rf2 Qd4 20. Bxe7 Bxc4 21.
Rd1 Qb6 22. d6 Bxa2 23. Kh1 Bc4 24. Rfd2 Rd7 25. Bxf8 Bxf8 26. Qe4 a5 27. f5
gxf5 28. Qxf5 Qd8 29. Rd4 a4 30. Rh4 h6 31. Qg4+ Kh8 32. Qd4 Bg7 33. Rg4 Be6
34. Rg3 Qa5 35. Qc5 Rd8 36. h3 Rc8 37. Qe3 b4 38. Qf4 a3 39. d7 Rd8 0-1

[Event "Lady Chess"]
[Site "Koge"]
[Date "2014.10.16"]
[Round "7"]
[White "Baliuniene, Margarita"]
[Black "Krasenkova, Ilena"]
[Result "0-1"]
[WhiteElo "1961"]
[BlackElo "2067"]
[PlyCount "70"]
[EventDate "2014.10.11"]
[EventType "tourn"]
[EventRounds "9"]
[EventCountry "DEN"]
[Source "ChessBase"]
[SourceDate "2014.11.20"]

1. d4 d5 2. c4 dxc4 3. e3 e5 4. Bxc4 exd4 5. exd4 Nf6 6. Bg5 Bb4+ 7. Nc3 O-O 8.
Nge2 Nbd7 9. O-O Nb6 10. Bb3 Bf5 11. Rc1 c6 12. Ng3 Bg6 13. Nce4 Be7 14. Nc5
Rb8 15. Re1 h6 16. Bh4 Re8 17. Ne2 Nbd5 18. Nd3 Bh5 19. f3 g5 20. Bg3 Rc8 21.
Ne5 Bb4 22. Nc3 Kg7 23. Kh1 Ba5 24. Qd3 Bb6 25. Na4 Ba5 26. Red1 Qe7 27. Nc5
Bb4 28. a3 Bxc5 29. Rxc5 Rcd8 30. Bc2 Nc7 31. Qf5 Qe6 32. b4 Qxf5 33. Bxf5 Ne6
34. Rc4 Nd5 35. a4 Ne3 0-1

[Event "Lady Chess"]
[Site "Koge"]
[Date "2014.10.12"]
[Round "2"]
[White "Daulyte, Deimante"]
[Black "Baliuniene, Margarita"]
[Result "1-0"]
[WhiteElo "2356"]
[BlackElo "1961"]
[PlyCount "89"]
[EventDate "2014.10.11"]
[EventType "tourn"]
[EventRounds "9"]
[EventCountry "DEN"]
[Source "ChessBase"]
[SourceDate "2014.11.20"]

1. e4 c5 2. Nc3 g6 3. d4 cxd4 4. Qxd4 Nf6 5. Nf3 Nc6 6. Qa4 d6 7. e5 dxe5 8.
Nxe5 Bd7 9. Nxd7 Qxd7 10. Be3 Bg7 11. Rd1 Qc8 12. Be2 O-O 13. O-O Nd7 14. Nd5
e6 15. Qxc6 exd5 16. Qxd5 Nf6 17. Qb3 Qc7 18. c3 b6 19. Qc4 Qe7 20. Qh4 Rad8
21. Bf3 Rxd1 22. Rxd1 Rd8 23. Rxd8+ Qxd8 24. g3 h5 25. Qa4 Qe7 26. h4 Kh7 27.
Qc6 Ng4 28. Bxg4 hxg4 29. Qd5 Bh6 30. Bxh6 Kxh6 31. Qd4 Kh7 32. Qxg4 Qe1+ 33.
Kg2 Qb1 34. Qc4 Qf5 35. a4 Qd7 36. b4 Qb7+ 37. Kg1 Qd7 38. Qb5 Qd1+ 39. Kg2 Qd2
40. Qc4 Qd7 41. a5 bxa5 42. bxa5 Qb7+ 43. Kh2 Qd7 44. Qd4 Qc7 45. a6 1-0

[Event "Lady Chess"]
[Site "Koge"]
[Date "2014.10.15"]
[Round "6"]
[White "Daulyte, Deimante"]
[Black "Ptacnikova, Lenka"]
[Result "1-0"]
[WhiteElo "2356"]
[BlackElo "2265"]
[PlyCount "73"]
[EventDate "2014.10.11"]
[EventType "tourn"]
[EventRounds "9"]
[EventCountry "DEN"]
[Source "ChessBase"]
[SourceDate "2014.11.20"]

1. e4 g6 2. d4 Bg7 3. Nc3 c6 4. h3 d6 5. Be3 Nf6 6. f4 Qa5 7. Bd3 e5 8. Nf3
Nbd7 9. O-O O-O 10. Qe1 exd4 11. Bxd4 Re8 12. Qf2 c5 13. Be3 c4 14. Bxc4 b5 15.
Bxb5 Rb8 16. e5 Rxb5 17. exf6 Nxf6 18. Nxb5 Qxb5 19. a4 Qxb2 20. Bd4 Qb4 21. c3
Qc4 22. Nd2 Qd3 23. Rfe1 Be6 24. Rad1 d5 25. Bxf6 Bxf6 26. Ne4 Qxe4 27. Rxe4
dxe4 28. Qxa7 h5 29. Qe3 Bb3 30. Ra1 Bc4 31. a5 Ba6 32. Ra4 Bd3 33. a6 Bxc3 34.
Ra3 Bb4 35. Rxd3 Bc5 36. Qxc5 exd3 37. Qd5 1-0

[Event "Lady Chess"]
[Site "Koge"]
[Date "2014.10.13"]
[Round "4"]
[White "Daulyte, Deimante"]
[Black "Ambartsumova, Karina"]
[Result "0-1"]
[WhiteElo "2356"]
[BlackElo "2278"]
[PlyCount "90"]
[EventDate "2014.10.11"]
[EventType "tourn"]
[EventRounds "9"]
[EventCountry "DEN"]
[Source "ChessBase"]
[SourceDate "2014.11.20"]

1. e4 c5 2. Nf3 e6 3. d4 cxd4 4. Nxd4 a6 5. Be2 Nf6 6. Nc3 Qc7 7. O-O Bb4 8.
Bg5 Bxc3 9. Bxf6 gxf6 10. bxc3 Qxc3 11. f4 Qc5 12. Kh1 Nc6 13. Nb3 Qe7 14. c4
b6 15. Qd2 Rb8 16. Rfd1 h5 17. Rac1 h4 18. Rc3 a5 19. Nd4 Qd6 20. Rd3 Nxd4 21.
Rxd4 Qc5 22. h3 Ke7 23. Rb1 Qc7 24. Rd1 Qc5 25. Bf3 Kf8 26. Qc3 Rg8 27. Rd6 Ke7
28. R6d4 Kf8 29. Qd2 Ke7 30. Qe1 Rg3 31. e5 f5 32. Qd2 Kf8 33. Rb1 Bb7 34. Rb5
Qa3 35. Rd3 Qa4 36. Bxb7 Rxd3 37. Qxd3 Rxb7 38. a3 Kg7 39. g3 Rc7 40. gxh4 Rxc4
41. Rxb6 Rxf4 42. Qg3+ Kh7 43. Rb8 Qe4+ 44. Kg1 Qd4+ 45. Kh2 Rf2+ 0-1

[Event "Lady Chess"]
[Site "Koge"]
[Date "2014.10.17"]
[Round "8"]
[White "Daulyte, Deimante"]
[Black "Frey, Alisa"]
[Result "1-0"]
[WhiteElo "2356"]
[BlackElo "2098"]
[PlyCount "71"]
[EventDate "2014.10.11"]
[EventType "tourn"]
[EventRounds "9"]
[EventCountry "DEN"]
[Source "ChessBase"]
[SourceDate "2014.11.20"]

1. d4 Nf6 2. Nc3 d5 3. Bf4 g6 4. Qd2 h6 5. f3 Nh5 6. Be3 f5 7. Nh3 g5 8. Qd3
Qd6 9. O-O-O Na6 10. g3 Bd7 11. Bf2 Nb4 12. Qd2 O-O-O 13. a3 Na6 14. e4 dxe4
15. fxe4 fxe4 16. Nxe4 Qd5 17. Bg2 Kb8 18. Qe2 Ng7 19. c4 Qa5 20. Be1 Qa4 21.
Nhf2 Nf5 22. Nc3 Qb3 23. Nfe4 Bg7 24. Bf2 Qb6 25. Nd5 Qe6 26. Rhe1 Ba4 27. Rd2
c6 28. Ndc3 Bb3 29. d5 cxd5 30. cxd5 Bxd5 31. Qd1 Bb3 32. Rxd8+ Kc7 33. Nb5+
Kc6 34. Nec3+ Bd5 35. Qxd5+ Qxd5 36. Bxd5# 1-0

[Event "Lady Chess"]
[Site "Koge"]
[Date "2014.10.18"]
[Round "9"]
[White "Frey, Alisa"]
[Black "Guindy, Esmat"]
[Result "0-1"]
[WhiteElo "2098"]
[BlackElo "2062"]
[PlyCount "54"]
[EventDate "2014.10.11"]
[EventType "tourn"]
[EventRounds "9"]
[EventCountry "DEN"]
[Source "ChessBase"]
[SourceDate "2014.11.20"]

1. e4 e6 2. d4 d5 3. Nc3 Nf6 4. Bg5 Be7 5. e5 Nfd7 6. Bxe7 Qxe7 7. f4 a6 8. Nf3
c5 9. Qd2 Nc6 10. dxc5 Qxc5 11. O-O-O b5 12. Bd3 b4 13. Ne2 a5 14. Kb1 Ba6 15.
g4 O-O 16. Ng3 Rfb8 17. Ng5 Nf8 18. h4 a4 19. h5 b3 20. cxb3 axb3 21. a3 Nb4
22. Bxa6 Rxa6 23. Rc1 Nc2 24. Rxc2 bxc2+ 25. Ka2 Qc4+ 26. Ka1 Qb3 27. Qc1 Rba8
0-1

[Event "Lady Chess"]
[Site "Koge"]
[Date "2014.10.13"]
[Round "4"]
[White "Frey, Alisa"]
[Black "Maisuradze, Nino"]
[Result "1/2-1/2"]
[WhiteElo "2098"]
[BlackElo "2349"]
[PlyCount "42"]
[EventDate "2014.10.11"]
[EventType "tourn"]
[EventRounds "9"]
[EventCountry "DEN"]
[Source "ChessBase"]
[SourceDate "2014.11.20"]

1. e4 c5 2. Nf3 a6 3. c4 Nc6 4. d4 cxd4 5. Nxd4 Nf6 6. Nc3 e5 7. Nf5 d6 8. Ne3
g6 9. Bd3 Bg7 10. O-O O-O 11. Rb1 Nd4 12. b4 Be6 13. a4 Rc8 14. a5 Nd7 15. Ned5
f5 16. f3 Kh8 17. Be3 Rf7 18. Ne2 fxe4 19. fxe4 Rxf1+ 20. Qxf1 Nxe2+ 21. Qxe2
Bxd5 1/2-1/2

[Event "Lady Chess"]
[Site "Koge"]
[Date "2014.10.15"]
[Round "6"]
[White "Frey, Alisa"]
[Black "Ambartsumova, Karina"]
[Result "0-1"]
[WhiteElo "2098"]
[BlackElo "2278"]
[PlyCount "128"]
[EventDate "2014.10.11"]
[EventType "tourn"]
[EventRounds "9"]
[EventCountry "DEN"]
[Source "ChessBase"]
[SourceDate "2014.11.20"]

1. e4 c5 2. Nf3 e6 3. d4 cxd4 4. Nxd4 Nc6 5. Nc3 Qc7 6. Be3 a6 7. Qd2 Nf6 8. f3
Be7 9. O-O-O b5 10. Kb1 Bb7 11. g4 Nxd4 12. Bxd4 b4 13. Ne2 d5 14. e5 Nd7 15.
f4 a5 16. Ng3 Bc5 17. Bb5 Bc6 18. Bxc6 Qxc6 19. f5 O-O-O 20. c3 Kb7 21. Rc1 Qb5
22. Ne2 Rhe8 23. fxe6 fxe6 24. Rhf1 Rf8 25. Rxf8 Rxf8 26. Bxc5 Nxc5 27. Nd4
Qd3+ 28. Qxd3 Nxd3 29. Rd1 Nc5 30. cxb4 axb4 31. Rd2 Rf4 32. h3 Re4 33. Nf3 Re3
34. Rf2 Ne4 35. Rf1 Rxf3 36. Rd1 Rxh3 37. Rd4 b3 38. Rb4+ Kc6 39. axb3 Rg3 40.
Rb8 Rxg4 41. b4 h5 42. b5+ Kc7 43. Re8 Nc5 44. Kc2 h4 45. Rh8 g5 46. Kc3 Rc4+
47. Kd2 Rb4 48. Kc2 Rxb5 49. Rh5 Ne4 50. Rh6 Rb6 51. b4 Rxb4 52. Rxe6 h3 53.
Rh6 g4 54. Rh7+ Kd8 55. e6 Rb6 56. e7+ Ke8 57. Kd3 Re6 58. Rh4 Kxe7 59. Kd4 Rg6
60. Kxd5 Nf6+ 61. Ke5 g3 62. Rxh3 g2 63. Rb3 g1=Q 64. Rb7+ Nd7+ 0-1

[Event "Lady Chess"]
[Site "Koge"]
[Date "2014.10.12"]
[Round "2"]
[White "Frey, Alisa"]
[Black "Frisk, Ellinor"]
[Result "1/2-1/2"]
[WhiteElo "2098"]
[BlackElo "2311"]
[PlyCount "125"]
[EventDate "2014.10.11"]
[EventType "tourn"]
[EventRounds "9"]
[EventCountry "DEN"]
[Source "ChessBase"]
[SourceDate "2014.11.20"]

1. e4 c5 2. Nf3 g6 3. d4 cxd4 4. Nxd4 Nc6 5. c4 Nf6 6. Nc3 Nxd4 7. Qxd4 d6 8.
Be2 Bg7 9. Be3 O-O 10. Qd2 Be6 11. O-O Qa5 12. Rab1 Rfc8 13. b3 Ng4 14. Bd4
Bxd4 15. Qxd4 Qc5 16. Qxc5 Rxc5 17. Bxg4 Bxg4 18. f3 Be6 19. Rbd1 Rac8 20. Rd4
a6 21. a4 Kf8 22. Re1 Ke8 23. Kf2 Bd7 24. Nd5 Be6 25. Nc3 g5 26. Red1 f6 27.
Rh1 Kf7 28. h4 Kg7 29. hxg5 fxg5 30. Ke3 Rh8 31. Nd5 Bxd5 32. Rxd5 b6 33. Kd4
e5+ 34. Ke3 Rxd5 35. exd5 h5 36. b4 Kg6 37. Rc1 Kf5 38. c5 bxc5 39. bxc5 dxc5
40. Rxc5 h4 41. Rc6 Rd8 42. d6 a5 43. Rb6 Rd7 44. Rc6 Ke6 45. Ra6 Rxd6 46. Rxa5
Rc6 47. Ra8 Rc2 48. a5 Ra2 49. a6 Ra3+ 50. Kf2 Kf7 51. a7 Kg7 52. Ke2 Kh7 53.
Kd2 Kg7 54. Kc2 e4 55. fxe4 g4 56. Kb2 Ra6 57. e5 h3 58. gxh3 gxh3 59. Rc8 h2
60. Rc1 Rxa7 61. Rh1 Re7 62. Rxh2 Rxe5 63. Rf2 1/2-1/2

[Event "Lady Chess"]
[Site "Koge"]
[Date "2014.10.17"]
[Round "8"]
[White "Frisk, Ellinor"]
[Black "Baliuniene, Margarita"]
[Result "1-0"]
[WhiteElo "2311"]
[BlackElo "1961"]
[PlyCount "63"]
[EventDate "2014.10.11"]
[EventType "tourn"]
[EventRounds "9"]
[EventCountry "DEN"]
[Source "ChessBase"]
[SourceDate "2014.11.20"]

1. d4 d5 2. c4 e6 3. Nc3 c5 4. cxd5 exd5 5. Nf3 Nc6 6. g3 Nf6 7. Bg2 Be7 8. O-O
O-O 9. Bg5 c4 10. Ne5 Be6 11. f4 Nxe5 12. dxe5 Ng4 13. Bxe7 Qxe7 14. Qd4 g6 15.
Nxd5 Bxd5 16. Bxd5 Rfd8 17. e4 b5 18. a4 b4 19. h3 Nh6 20. Qxc4 Rac8 21. Qd4 a5
22. Rac1 Rc7 23. Rxc7 Qxc7 24. b3 Qc2 25. Rd1 Qe2 26. Qd3 Qh5 27. Kg2 g5 28. f5
Rc8 29. Bc4 Re8 30. e6 Kf8 31. Qd6+ Re7 32. f6 1-0

[Event "Lady Chess"]
[Site "Koge"]
[Date "2014.10.15"]
[Round "6"]
[White "Frisk, Ellinor"]
[Black "Tomnikova, Lidia"]
[Result "1/2-1/2"]
[WhiteElo "2311"]
[BlackElo "2240"]
[PlyCount "58"]
[EventDate "2014.10.11"]
[EventType "tourn"]
[EventRounds "9"]
[EventCountry "DEN"]
[Source "ChessBase"]
[SourceDate "2014.11.20"]

1. Nf3 Nf6 2. c4 e6 3. g3 d5 4. Bg2 dxc4 5. Qa4+ Nbd7 6. Qxc4 c5 7. O-O a6 8.
d4 b5 9. Qb3 Bb7 10. Rd1 Qb6 11. Bg5 h6 12. Bxf6 Nxf6 13. e3 cxd4 14. Nxd4 Bxg2
15. Kxg2 Bc5 16. Nc3 O-O 17. Qc2 Rac8 18. a3 Rfd8 19. Nf3 Be7 20. Rxd8+ Rxd8
21. Rd1 Rxd1 22. Qxd1 b4 23. axb4 Qxb4 24. Qc2 Qb7 25. Qe2 a5 26. Qb5 Qxb5 27.
Nxb5 Nd5 28. b3 Nb6 29. Kf1 a4 1/2-1/2

[Event "Lady Chess"]
[Site "Koge"]
[Date "2014.10.14"]
[Round "5"]
[White "Frisk, Ellinor"]
[Black "Daulyte, Deimante"]
[Result "1/2-1/2"]
[WhiteElo "2311"]
[BlackElo "2356"]
[PlyCount "75"]
[EventDate "2014.10.11"]
[EventType "tourn"]
[EventRounds "9"]
[EventCountry "DEN"]
[Source "ChessBase"]
[SourceDate "2014.11.20"]

1. d4 Nf6 2. c4 e6 3. Nc3 Bb4 4. e3 b6 5. Nge2 Ba6 6. Ng3 h5 7. h4 Bb7 8. Qc2
Bd6 9. Nge2 c5 10. e4 cxd4 11. Nxd4 Nc6 12. Nxc6 dxc6 13. Bg5 Be7 14. Be2 Nd7
15. Bd2 Qc7 16. O-O-O O-O-O 17. g3 e5 18. Be3 Bc5 19. Bxc5 Nxc5 20. Rxd8+ Qxd8
21. Rd1 Qe7 22. Bf1 Rd8 23. Rxd8+ Qxd8 24. Qd2 Qd4 25. b3 Kc7 26. Kc2 Bc8 27.
Bg2 a5 28. Qxd4 exd4 29. Nd1 Kd6 30. f4 f6 31. Nf2 Bd7 32. a3 Be6 33. Bf1 Bf7
34. Be2 Bg6 35. Bf3 Bf7 36. Be2 Bg6 37. Bf3 Bf7 38. Be2 1/2-1/2

[Event "Lady Chess"]
[Site "Koge"]
[Date "2014.10.12"]
[Round "3"]
[White "Frisk, Ellinor"]
[Black "Guindy, Esmat"]
[Result "1-0"]
[WhiteElo "2311"]
[BlackElo "2062"]
[PlyCount "71"]
[EventDate "2014.10.11"]
[EventType "tourn"]
[EventRounds "9"]
[EventCountry "DEN"]
[Source "ChessBase"]
[SourceDate "2014.11.20"]

1. d4 d5 2. c4 e6 3. Nc3 Be7 4. cxd5 exd5 5. Bf4 Nf6 6. e3 c6 7. Bd3 Nbd7 8.
Nge2 Nh5 9. Bg3 g6 10. Qc2 Bf6 11. b4 a6 12. O-O Nxg3 13. Nxg3 O-O 14. a4 Re8
15. b5 axb5 16. axb5 Rxa1 17. Rxa1 Nf8 18. bxc6 bxc6 19. Na4 Qd6 20. Rc1 Re6
21. Ne2 Bg5 22. Nc5 Re7 23. Ra1 Rc7 24. Nc3 Ne6 25. Nxe6 Qxe6 26. Re1 Ra7 27.
Na4 Be7 28. Nc5 Qf6 29. Nb3 Ba6 30. Qa2 c5 31. Nxc5 Bxc5 32. dxc5 Qc3 33. Rd1
Bxd3 34. Qxa7 Qb3 35. Qa8+ Kg7 36. Qa1+ 1-0

[Event "Lady Chess"]
[Site "Koge"]
[Date "2014.10.11"]
[Round "1"]
[White "Frisk, Ellinor"]
[Black "Ptacnikova, Lenka"]
[Result "1-0"]
[WhiteElo "2311"]
[BlackElo "2265"]
[PlyCount "73"]
[EventDate "2014.10.11"]
[EventType "tourn"]
[EventRounds "9"]
[EventCountry "DEN"]
[Source "ChessBase"]
[SourceDate "2014.11.20"]

1. d4 Nf6 2. c4 e6 3. Nc3 Bb4 4. e3 O-O 5. Bd3 d5 6. Nf3 dxc4 7. Bxc4 c5 8. O-O
cxd4 9. exd4 Nc6 10. Bg5 Be7 11. Qd2 b6 12. Rad1 Na5 13. Bd3 Bb7 14. Qf4 Bxf3
15. Qxf3 Rc8 16. Ba6 Rc7 17. d5 Nxd5 18. Nxd5 exd5 19. Rxd5 Qa8 20. Bf4 Rc2 21.
Bd3 Rc5 22. Rd7 Qxf3 23. gxf3 Nc6 24. Be3 Bf6 25. Bxc5 bxc5 26. Be4 Nd4 27. Re1
a5 28. Ra7 Ne6 29. Rxa5 Bxb2 30. Rb1 Bd4 31. Ra8 Rxa8 32. Bxa8 Kf8 33. Bd5 Nf4
34. Bc4 Ke7 35. a4 Bc3 36. Rb5 Kd6 37. a5 1-0

[Event "Lady Chess"]
[Site "Koge"]
[Date "2014.10.12"]
[Round "2"]
[White "Guindy, Esmat"]
[Black "Krasenkova, Ilena"]
[Result "1-0"]
[WhiteElo "2062"]
[BlackElo "2067"]
[PlyCount "121"]
[EventDate "2014.10.11"]
[EventType "tourn"]
[EventRounds "9"]
[EventCountry "DEN"]
[Source "ChessBase"]
[SourceDate "2014.11.20"]

1. d4 Nf6 2. c4 g6 3. Nf3 Bg7 4. g3 O-O 5. Bg2 d6 6. O-O Nc6 7. Nc3 Bf5 8. d5
Na5 9. Nd4 Bd7 10. Qd3 c5 11. dxc6 Nxc6 12. Nxc6 bxc6 13. h3 Qc8 14. Kh2 Qa6
15. Bd2 Be6 16. b3 Nd7 17. Rac1 Rac8 18. Bg5 Rfe8 19. Qd2 Qa5 20. Ne4 Qxd2 21.
Bxd2 h6 22. Bc3 c5 23. Bxg7 Kxg7 24. Nc3 Nb6 25. Rfd1 a5 26. a4 Bd7 27. Rd2 Rb8
28. f4 f5 29. Nb5 Rec8 30. e4 Bxb5 31. axb5 a4 32. bxa4 Nxa4 33. Ra2 Nb6 34.
Ra7 Kf6 35. g4 fxe4 36. Bxe4 e6 37. Bc6 Rf8 38. h4 g5 39. fxg5+ hxg5 40. Rf1+
Ke5 41. Re1+ Kd4 42. Re4+ Kc3 43. Ra3+ Kb4 44. Rd3 Nxc4 45. Rxd6 Rf2+ 46. Kg1
Rbf8 47. Rd1 Kb3 48. Rxe6 R2f4 49. Re4 Rxe4 50. Bxe4 Rf4 51. Bf5 Ne3 52. Rd3+
Kb4 53. Rxe3 Kxb5 54. hxg5 Rd4 55. g6 Rd1+ 56. Kf2 Rd8 57. Be6 Rf8+ 58. Ke2 Rf6
59. g7 Rg6 60. g8=Q Rxg8 61. Bxg8 1-0

[Event "Lady Chess"]
[Site "Koge"]
[Date "2014.10.11"]
[Round "1"]
[White "Guindy, Esmat"]
[Black "Daulyte, Deimante"]
[Result "0-1"]
[WhiteElo "2062"]
[BlackElo "2356"]
[PlyCount "64"]
[EventDate "2014.10.11"]
[EventType "tourn"]
[EventRounds "9"]
[EventCountry "DEN"]
[Source "ChessBase"]
[SourceDate "2014.11.20"]

1. d4 Nf6 2. c4 e6 3. Nf3 d5 4. Nc3 c5 5. e3 a6 6. cxd5 exd5 7. Bd3 c4 8. Bc2
Bb4 9. h3 O-O 10. O-O Nc6 11. Bd2 Re8 12. Rc1 b5 13. a3 Bf8 14. Bb1 Rb8 15. Na2
a5 16. Qe1 Bd6 17. b4 Ne4 18. Bxe4 dxe4 19. Nh2 Qc7 20. f4 exf3 21. Nxf3 Bf5
22. Ng5 Bg6 23. Bc3 h6 24. Nf3 Bd3 25. Qh4 Bxf1 26. Rxf1 Rxe3 27. d5 Ne5 28.
Nd4 Ng6 29. Qf2 Re4 30. Nc6 Rbe8 31. Nc1 Bh2+ 32. Kh1 Rf4 0-1